The use of myth in Githa hariharan's the thousand faces of night / (Record no. 42193)

MARC details
000 -LEADER
fixed length control field 00664nam a22001937a 4500
005 - DATE AND TIME OF LATEST TRANSACTION
control field 2010081401351.0
010 ## - LCCN (DPL NO)
LC control number ENG-100656
020 ## - INTERNATIONAL STANDARD BOOK NUMBER
International Standard Book Number 9788190775403
Terms of availability 110.00
035 ## - SYSTEM CONTROL NUMBER
System control number EN-84189
037 ## - SOURCE OF ACQUISITION
Source of stock number/acquisition DBAD/PUB
082 ## - DEWEY DECIMAL CLASSIFICATION NUMBER
Classification number 230.1
100 ## - MAIN ENTRY--PERSONAL NAME
Personal name Danya, S.
245 ## - TITLE STATEMENT
Title The use of myth in Githa hariharan's the thousand faces of night /
Statement of responsibility, etc by S. Danya
260 ## - PUBLICATION, DISTRIBUTION, ETC. (IMPRINT)
Place of publication, distribution, etc Eroad
Name of publisher, distributor, etc Mithila Publications
Date of publication, distribution, etc 2007
270 ## - ADDRESS
City Eroad
Postal code 638001
300 ## - PHYSICAL DESCRIPTION
Extent 123p.
Dimensions 21cm (pbk)
942 ## - ADDED ENTRY ELEMENTS (KOHA)
Source of classification or shelving scheme Dewey Decimal Classification
Item type English Books
Classification part 230.1
Call number suffix DAN
Holdings
Withdrawn status Lost status Not for loan Collection code Home library Current library Date acquired Source of acquisition Cost, normal purchase price Full call number Barcode Copy number Cost, replacement price Koha item type
    Not For Loan Non-fiction D.B.Act.Division D.B.Act.Division 16/08/2010 DBAD/PUB 110.00 230.1 DAN EN-84189 1 110.00 English Books

© Delhi Public Library
Hit Counter
free hit counter